000 00330nam a22001337a 4500
008 171019b xxu||||| |||| 00| 0 eng d
020 _a9780024026903
041 _aeng
080 _a338
100 _a53
101 _aMEN
245 _aMANAGING INFORMATION TECHNOLOGY IN MULTINATIONAL CORPORATIONS
_cROCHE,E.M
942 _2udc
_cBK
999 _c34832
_d34832